নজরুল ইসলাম শুভেচ্ছা স্মারক / (Record no. 18867)

MARC details
000 -LEADER
fixed length control field 00825nam a22002057a 4500
003 - CONTROL NUMBER IDENTIFIER
control field BDDh-ASL
005 - DATE AND TIME OF LATEST TRANSACTION
control field 20231015025738.0
008 - FIXED-LENGTH DATA ELEMENTS--GENERAL INFORMATION
fixed length control field 201031s2014 bg ||||| |||| 00| 0 be d
040 ## - CATALOGING SOURCE
Original cataloging agency BDDh-ASL
Transcribing agency BDDh-ASL
041 ## - LANGUAGE CODE
Language code of text/sound track or separate title ben
082 ## - DEWEY DECIMAL CLASSIFICATION NUMBER
Classification number 920
Item number NAZ
245 10 - TITLE STATEMENT
Title নজরুল ইসলাম শুভেচ্ছা স্মারক /
246 ## - VARYING FORM OF TITLE
Title proper/short title Nazrul Islam Shubhechha Smarok by Kazi Madina
260 ## - PUBLICATION, DISTRIBUTION, ETC.
Place of publication, distribution, etc. ঢাকা :
Name of publisher, distributor, etc. চন্দ্রবতী একাডেমী,
Date of publication, distribution, etc. 2014.
300 ## - PHYSICAL DESCRIPTION
Extent ৪৭১ পৃ. :
Dimensions ২২ সে.মি.
600 #0 - SUBJECT ADDED ENTRY--PERSONAL NAME
9 (RLIN) 781
Personal name ইসলাম, নজরুল
General subdivision স্মারকগ্রন্থ
650 #0 - SUBJECT ADDED ENTRY--TOPICAL TERM
9 (RLIN) 1767
Topical term or geographic name entry element স্মারকগ্রন্থ
Form subdivision নজরুল ইসলাম
General subdivision জীবনী
700 1# - ADDED ENTRY--PERSONAL NAME
9 (RLIN) 1770
Personal name মদিনা, কাজী
942 ## - ADDED ENTRY ELEMENTS (KOHA)
Source of classification or shelving scheme Dewey Decimal Classification
Koha item type Books
Holdings
Withdrawn status Lost status Source of classification or shelving scheme Damaged status Not for loan Collection code Home library Current library Shelving location Date acquired Source of acquisition Total Checkouts Full call number Barcode Date last seen Copy number Price effective from Koha item type
    Dewey Decimal Classification     Non-fiction Asiatic Society Library Asiatic Society Library General Stacks 10/31/2020 Complementary   920 NAZ 102102 10/31/2020 C-1 10/31/2020 Books
    Dewey Decimal Classification     Non-fiction Asiatic Society Library Asiatic Society Library General Stacks 04/05/2022 Complimentary   920 NAZ 112232 04/05/2022 C-2 04/05/2022 Books
    Dewey Decimal Classification     Non-fiction Asiatic Society Library Asiatic Society Library General Stacks 04/05/2022 Complimentary   920 NAZ 112233 04/05/2022 C-3 04/05/2022 Books
    Dewey Decimal Classification     Non-fiction Asiatic Society Library Asiatic Society Library Sirajul Islam Collection 04/27/2022 Donated by Prof. Sirajul Islam FRHS   920 NAZ 116621 04/27/2022 C-4 04/27/2022 Books

Powered by Koha